000 00505nam a22001937a 4500
003 OSt
005 20151127191616.0
008 151127b xxu||||| |||| 00| 0 eng d
016 _2DDC.
040 _cDDC.
082 _a373HAR 1998
100 _aHargreaves H.David.
_96383
245 _aSocial Relations in a secondary school.
260 _aLondon.
_bRoutledge.
_c1998.
300 _a226p;
_bill.
_c23cm
504 _aincludes notes and index.
650 _aSocial relations.
_96384
942 _2ddc
_cSLOAN
999 _c2743
_d2743